Vybrané zamestnanecké bonusy, ktoré zamestnávateľ nezdaňuje

Zamestnávatelia sú povinní poskytovať zamestnancom za vykonanú prácu mzdu. Pojem „mzda“ je definovaný v § 118 zákona č. 311/2001 Z. z. Zákonník práce v z. n. p. , a to ako peňažné plnenie alebo plnenie peňažnej hodnoty (naturálna mzda) poskytované zamestnávateľom zamestnancovi za prácu. Ilustračné p...

Descrizione completa

Salvato in:
Dettagli Bibliografici
Autore principale: Kajanovičová, Zita
Natura: Capitolo di libro
Lingua:slovacco
Soggetti:
Tags: Aggiungi Tag
Nessun Tag, puoi essere il primo ad aggiungerne!!

MARC

LEADER 00000naa$a2200000$$$4500
001 0256139
005 20190619094022.0
041 0 |a slo 
044 |a SK 
245 1 0 |a Vybrané zamestnanecké bonusy, ktoré zamestnávateľ nezdaňuje  |c Zita Kajanovičová 
520 |a Zamestnávatelia sú povinní poskytovať zamestnancom za vykonanú prácu mzdu. Pojem „mzda“ je definovaný v § 118 zákona č. 311/2001 Z. z. Zákonník práce v z. n. p. , a to ako peňažné plnenie alebo plnenie peňažnej hodnoty (naturálna mzda) poskytované zamestnávateľom zamestnancovi za prácu. Ilustračné príklady. 
610 2 0 |a zamestnanci 
610 2 0 |a zamestnávatelia 
610 2 0 |a dane z príjmov 
610 2 0 |a mzdy naturálne 
610 2 0 |a odpisy daňové 
610 2 0 |a zákonník práce 
100 1 |a Kajanovičová, Zita